Glosario de términos relacionados con la pesca

-д хадгалсан:
Номзүйн дэлгэрэнгүй
Үндсэн зохиолчид: Arredondo Alvarez, Adrián (Зохиогч), Igartúa Calderón, Luis Esteban (Зохиогч), Angel Lemus, José Luis del (Зохиогч)
Формат: Ном
Хэл сонгох:испани
Хэвлэсэн: Ciudad de México Comisión de Pesca 2006
Хэвлэл:1a. ed
Нөхцлүүд:
Шошгууд: Шошго нэмэх
Шошго байхгүй, Энэхүү баримтыг шошголох эхний хүн болох!

MARC

LEADER 00000nam a2200000 a 4500
001 UCI5892
003 CL-VaPUC
008 080411e20060000MX |||||||||||||||||spa|d
020 |a 9709764063 
082 0 4 |a 639.203  |b ARR  |2 21 
100 0 |a Arredondo Alvarez, Adrián  |e author  |9 528512 
700 0 |a Igartúa Calderón, Luis Esteban  |e author  |9 528513 
700 0 |a Angel Lemus, José Luis del  |e author  |9 528514 
245 1 0 |a Glosario de términos relacionados con la pesca 
250 |a 1a. ed 
300 |a 538 p 
942 |c BK 
945 |d 20080411 00:00:00  |a jtorresc 
260 |a Ciudad de México  |b Comisión de Pesca  |c 2006 
650 0 |a Pesca  |9 258707 
650 0 |a Diccionarios  |9 256200 
583 |a last modification  |c 20080411 00:00:00  |k Rodrigo Vera 
999 |c 329534  |d 329532